Az időskori gyógyszeralkalmazás problémái
The aging population in developed countries is a growing problem nowadays. The burden on healthcare is particularly high, since the prevalence of the diseases, especially chronic diseases increases with age. Prevalence of polypharmacy is common among elderly patients. While comorbidities require usa...
Elmentve itt :
| Szerzők: | |
|---|---|
| Dokumentumtípus: | Cikk |
| Megjelent: |
Akadémiai Kiadó
2012
|
| Sorozat: | ORVOSI HETILAP
153 No. 49 |
| doi: | 10.1556/OH.2012.29500 |
| mtmt: | 2214960 |
| Online Access: | http://publicatio.bibl.u-szeged.hu/7193 |
| LEADER | 01799nab a2200253 i 4500 | ||
|---|---|---|---|
| 001 | publ7193 | ||
| 005 | 20210222093555.0 | ||
| 008 | 160720s2012 hu o 0|| zxx d | ||
| 022 | |a 0030-6002 | ||
| 024 | 7 | |a 10.1556/OH.2012.29500 |2 doi | |
| 024 | 7 | |a 2214960 |2 mtmt | |
| 040 | |a SZTE Publicatio Repozitórium |b hun | ||
| 041 | |a zxx | ||
| 100 | 1 | |a Bor Andrea | |
| 245 | 1 | 3 | |a Az időskori gyógyszeralkalmazás problémái |h [elektronikus dokumentum] / |c Bor Andrea |
| 260 | |a Akadémiai Kiadó |c 2012 | ||
| 300 | |a 1926-1936 | ||
| 490 | 0 | |a ORVOSI HETILAP |v 153 No. 49 | |
| 520 | 3 | |a The aging population in developed countries is a growing problem nowadays. The burden on healthcare is particularly high, since the prevalence of the diseases, especially chronic diseases increases with age. Prevalence of polypharmacy is common among elderly patients. While comorbidities require usage of several active agents with evidence based indication, polypharmacy increases the likelihood of interactions and adverse drug reactions, reduces patient compliance, affects quality of life and puts a significant financial burden on the patient and society. In order to reduce drug-related problems among the elderly, different lists of potentially inappropriate drugs and doses were created. One of the earliest known lists is the "Beers criteria". The use of listed drugs is risky and not recommended for elderly patients. Following foreign examples, a list was compiled and adapted to the Hungarian drug spectrum based on the main concerns and alternative therapeutic suggestions. | |
| 700 | 0 | 1 | |a Matuz Mária |e aut |
| 700 | 0 | 1 | |a Doró Péter |e aut |
| 700 | 0 | 1 | |a Viola Réka |e aut |
| 700 | 0 | 1 | |a Soós Gyöngyvér |e aut |
| 856 | 4 | 0 | |u http://publicatio.bibl.u-szeged.hu/7193/1/OH_Bor_A_Idoskori_gyalkalmazas.pdf |z Dokumentum-elérés |